DTM Fahrer 2022 - Statistiken

Allgemein
  • Dieses Quiz wurde 3 mal gespielt
  • Das Durchschnittsergebnis liegt bei 18 aus 36
Antwortstatistiken
Team Nummer Marke Nation Antwort % Korrekt
SSR Performance(15) 94 Porsche Norwegen Dennis Olsen
100%
Team Abt Sportsline 3 Audi Südafrika Kelvin van der Linde
100%
Walkenhorst Motorsport 11 BMW Deutschland Marco Wittmann
100%
Team Rosberg 51 Audi Schweiz Nico Müller
100%
Schubert Motorsport 25 BMW Österreich Philipp Eng
100%
Schubert Motorsport 31 BMW Südafrika Sheldon van der Linde
100%
Red Bull AlphaTauri AF Corse(2) 37 Ferrari Türkei Ayhancan Güven
67%
GRT grasser-racing.com 85 Lamborghini Österreich Clemens Schmid
67%
Mercedes-AMG Team WINWARD(15) 27 Mercedes Deutschland David Schumacher
67%
Mercedes-AMG Team WINWARD 22 Mercedes Österreich Lucas Auer
67%
Mercedes-AMG Team WINWARD Racing 1 Mercedes Deutschland Maximilian Götz
67%
GRT 63 Lamborghini Italien Mirko Bortolotti
67%
T3 Motorsport(4) 95 Lamborghini Dänemark Nicki Thiim
67%
Team Abt 33 Audi Deutschland Rene Rast
67%
Team Abt Sportsline 7 Audi Schweiz Ricardo Feller
67%
KÜS Team Bernhard(15) 24 Porsche Österreich Thomas Preining
67%
Ceccato Racing(Gastfahrer)(2) 50 BMW Deutschland Timo Glock
67%
GRT grasser-racing.com 6 Lamborghini Italien Alessio Deledda
33%
Mercedes-AMG Team HRT 36 Mercedes Indien Arjun Maini
33%
Team Rosberg 12 Audi USA Dev Gore
33%
T3 Motorsport(4) 26 Lamborghini Großbritannien Esmee Hawkey
33%
Walkenhorst Motorsport(11) 10 BMW Belgien Esteban Muth
33%
Red Bull AlphaTauri AF Corse(14) 74 Ferrari Brasilien Felipe Fraga
33%
GRT(2) 19 Lamborghini Frankreich Franck Perera
33%
SSR Performance(14) 92 Porsche Belgien Laurens Vanthoor
33%
Mercedes-AMG Team HRT 4 Mercedes Deutschland Luca Stolz
33%
Attempto Racing 66 Audi Deutschland Marius Zug
33%
Mercedes-AMG Team GruppeM Racing 88 Mercedes Deutschland Maro Engel
33%
Mercedes-AMG Team GruppeM Racing(14) 55 Mercedes Kanada Mikael Grenier
33%
Red Bull AlphaTauri AF Corse(12) 37 Ferrari Neuseeland Nick Cassidy
33%
GRT(13) 19 Lamborghini Schweiz Rolf Ineichen
33%
Red Bull AlphaTauri AF Corse(2) 37 Ferrari Frankreich Sebastien Loeb
33%
SSR Performance(2) 92 Porsche Deutschland Christian Engelhart
0%
Walkenhorst Motorsport(4) 10 BMW Deutschland Leon Köhler
0%
Mercedes-AMG Team Mücke Motorsport 18 Mercedes Deutschland Maximilian Buhk
0%
Walkenhorst Motorsport(Gastfahrer)(2) 34 BMW Deutschland Theo Oeverhaus
0%
Keine übereinstimmenden Quizze gefunden
Verteilung der Resultate
Anzahl Personen mit jedem Resultat
Perzentil nach korrekt beantworteten Fragen
Ihre Resultats-Entwicklung
Sie haben dieses Quiz noch nicht gespielt